Les 20 préfectures les plus proches de Niort - Statistiques

Statistiques générales
  • Ce quiz a été pris 182 fois
  • Le résultat moyen est 15 sur 20
Statistiques - réponses
distance (en km) ville préfecture % Correct
83 La Roche sur Yon
97%
56 La Rochelle
96%
130 Nantes
96%
68 Poitiers
96%
165 Bordeaux
93%
144 Limoges
84%
148 Tours
83%
89 Angoulême
82%
219 Rennes
81%
128 Angers
80%
194 Le Mans
73%
181 Guéret
63%
196.11 Blois
61%
173 Châteauroux
61%
195.82 Laval
59%
156 Périgueux
59%
229 Vannes
59%
210 Tulle
56%
234 Bourges
54%
238 Alençon
37%
Aucun quiz correspondant
Distribution des résultats
% des personnes avec chaque résultat
Percentile par nombre de réponses
Votre historique - résultats
Vous n’avez pas pris ce quiz